000
00273nam a2200121Ia 4500
008
170620s9999 xx 000 0 und d
100
_a
TRIVEDY R K
245
0
_a
HANDBOOK OF ENVIRONMENT
260
_b
BSP PUBLICATION
260
_c
2008
300
_a
158
546
_a
English
690
_a
ENVIRONMENT
999
_c
31133
_d
31133